000 00323nam a2200121Ia 4500
008 180117s9999 xx 000 0 und d
100 _aby Philip M Lustre, Jr
245 4 _aThe Genesis of a Revolution
260 _c2017
300 _a14-18 pages, 2017 February 19
440 _aPhilippine Panorama
650 _aREVOLUTION
999 _c353426
_d353426